Did he play in the NBA? - Sudden death - Statistics

General Stats
  • This quiz has been taken 712 times
    197 since last reset
  • The average score is 4 of 30
Answers on the Grid
Answers color-coded by a green-red scale on the quiz's grid according to % correct below.
Alberto Herreros
Aleksandar Đorđević
Alexey Shved
Andreas Obst
Ante Tomić
Antoine Rigaudeau
Arturas Karnišovas
Daniel Theis
Davis Bertans
Dejan Bodiroga
Dimitris Diamantidis
Dino Rađa
Džanan Musa
Felipe Reyes
Florent Pietrus
Frederic Weiss
Georgios Printezis
Gianluca Basile
Gregor Fučka
Hidayet Tūrkoglu
Jaka Lakovič
Jan Vesely
Jorge Garbajosa
Juan Carlos Navarro
Luigi Datome
Marco Belinelli
Mario Hezonja
Mehmet Okur
Miloš Teodosić
Mindaugas Kuzminskas
Mirsad Türkcan
Nando De Colo
Nick Calathes
Nikola Milutinov
Nikola Vujčić
Nikos Galis
Omri Casspi
Predrag Danilović
Šarunas Jasikevučius
Sergey Bazarevich
Sergio Llull
Sergio Rodriguez
Stojan Vranković
Theodoros Papaloukas
Thomas Huertel
Tornike Shengelia
Vassilis Spanoulis
Žarko Paspalj
Zoran Dragić
Zoran Savić
 
Answer Stats
Answer % Correct
Daniel Theis
56%
Davis Bertans
41%
Zoran Dragić
37%
Marco Belinelli
35%
Mehmet Okur
28%
Hidayet Tūrkoglu
25%
Mario Hezonja
25%
Omri Casspi
23%
Dino Rađa
22%
Alexey Shved
18%
Miloš Teodosić
16%
Nando De Colo
11%
Sergio Rodriguez
10%
Jan Vesely
9%
Juan Carlos Navarro
8%
Šarunas Jasikevučius
8%
Mindaugas Kuzminskas
7%
Aleksandar Đorđević
6%
Antoine Rigaudeau
6%
Džanan Musa
6%
Jorge Garbajosa
6%
Nick Calathes
6%
Stojan Vranković
6%
Mirsad Türkcan
5%
Predrag Danilović
4%
Vassilis Spanoulis
4%
Luigi Datome
3%
Sergey Bazarevich
3%
Žarko Paspalj
2%
Tornike Shengelia
1%
No matching quizzes found
Score Distribution
Percent of People with Each Score
Percentile by Number Answered
Your Score History
You have not taken this quiz since the last reset